Tony Hunt's structures notebook

Sparad:
Bibliografiska uppgifter
Materialtyp: Bok
Språk:engelska
Publicerad: Londres Routledge 2003
Upplaga:2a. ed
Ämnen:
Taggar: Lägg till en tagg
Inga taggar, Lägg till första taggen!

MARC

LEADER 00000cam a2200000 a 4500
001 UCE2789
003 CL-VaPUC
005 20230821100119.0
008 140724e20030000uk |||||||||||||||||eng|d
999 |c 356350  |d 356348 
020 |a 0750658975 
040 |c Pontificia Universidad Católica de Valparaíso 
082 0 4 |a 624.171  |b TON  |2 21 
245 1 0 |a Tony Hunt's structures notebook 
250 |a 2a. ed 
260 |a Londres  |b Routledge  |c 2003 
300 |a 102 p 
583 |a last modification  |c 20140724 10:48:00  |k Rodrigo Vera 
600 0 7 |a Hunt, Tony  |2 CL-VaPUC  |9 575352 
650 0 |a Diseño de estructuras  |9 260345  |x Comportamiento estructural  |x Equilibrio  |x Elementos estructurales  |x Cargas  |x Deformación 
942 |c BK  |2 ddc 
945 |d 20140724 10:48:00  |a dcastane 
952 |0 0  |1 0  |2 ddc  |3 erb  |4 0  |6 624_171000000000000_TON_2003  |7 0  |8 R  |9 463626  |a BIBARQ  |b BIBARQ  |i 5092159  |l 8  |o 624.171 TON 2003  |p 5092159  |r 2025-01-20  |s 2024-06-10  |w 2019-11-23  |y BK_R  |z Catalogado en:20140724  |k ARQ